Szczegóły MARC21

Buenos Aires /

005 -DATA I CZAS OSTATNIEJ MODYFIKACJI [,]
    • @
    • pole kontrolne
    • 20120907090842.0
020 -Międzynarod. znormalizowany nr książki - ISBN [ , ]
    • a
    • Numer ISBN
    • 9788361809579 Find
020 -Międzynarod. znormalizowany nr książki - ISBN [ , ]
    • a
    • Numer ISBN
    • 9788361809678 Find
    • z
    • Błędny ISBN (P)
    • 9788361809677 Find
040 -Instytucja sporządzająca opis [ , ]
    • a
    • Instytucja, która sporządziła opis (NP)
    • SZCZ U/KLR
    • c
    • Instytucja, która sporządziła rekord (NP)
    • SZCZ U/KLR
    • d
    • Instytucja, która zmodyfikowała rekord (P)
    • SZCZ U/KP
041 -Język dokumentu [0, ]
    • a
    • Język tekstu (P)
    • polski
044 -Kraj miejsca wydania [ , ]
    • a
    • Kraj miejsca wydania
    • Polska
942 -Rodzaj dokumentu [ , ]
    • c
    • Rodzaj dokumentu
    • Książka
100 -Hasło główne - nazwa osobowa [1, ]
    • 9
    • KHW
    • 44654
    • a
    • Nazwa osobowa (NP)
    • Kocot, Monika
    • d
    • Daty biograficzne (NP)
    • (1979- ).
245 -Strefa tytułu i oznaczenia odpowiedzialności [1,0]
    • a
    • Tytuł
    • Buenos Aires / Find
    • c
    • Pozostałe elementy strefy tytułu i oznaczenia odpowiedzialności (NP)
    • [tekst Monika Kocot ; red. Barbara Faron].
260 -Strefa adresu wydawniczego [ , ]
    • a
    • Miejsce wydania (P)
    • Warszawa :
    • b
    • Nazwa wydawcy (P)
    • Mediaprofit,
    • c
    • Data wydania (P)
    • 2012.
300 -Strefa opisu fizycznego [ , ]
    • a
    • Określenie formy książki i/lub objętość (NP)
    • 223 s. :
    • b
    • Oznaczenie ilustracji (NP)
    • il. ;
    • c
    • Format (NP)
    • 23 cm.
490 -Strefa serii i książki wielotomowej - forma nie do wyszukiwania [1, ]
    • a
    • Tytuł (P)
    • Biblioteka Gazety Wyborczej. Miasta Marzeń ; Find
    • v
    • Numeracja (P)
    • 10
830 -Hasło dodatkowe serii i opisu książki wielotomowej - tytuł ujednolicony/tytuł [ ,0]
    • 9
    • KHW
    • 44063
    • a
    • Tytuł ujednolicony/tytuł (NP)
    • Biblioteka Gazety Wyborczej.
    • p
    • Nazwa części/podserii/sekcji (P)
    • Miasta Marzeń
080 -Uniwersalna Klasyfikacja Dziesiętna [ , ]
    • 2
    • Identyfikator wydania tablic
    • UDC-P058
    • 9
    • UKD
    • 45865
    • a
    • Symbol klasyfikacji
    • 913(82)(036)
    • b
    • Dopowiedzenie
    • Przewodniki turystyczno-krajoznawcze po Argentynie.
980 -Symbol UKD [ , ]
    • a
    • UKD
    • 913(82)(036)
700 -Hasło dodatkowe - nazwa osobowa [1, ]
    • 9
    • KHW
    • 44103
    • a
    • Nazwa osobowa (NP)
    • Faron, Barbara Find
    • c
    • Dopowiedzenie inne niż daty biograficzne (NP)
    • (język angielski).
    • e
    • Określenie rodzaju współpracy
    • Red.
920 -ISBN [ , ]
    • a
    • ISBN
    • 978-83-61809-57-9 (seria) Find
920 -ISBN [ , ]
    • a
    • ISBN
    • 978-83-61809-67-8 Find
    • z
    • Błędny ISBN
    • 978-83-61809-67-7 Find
Numer inwentarzowy Status udost. Data inwentaryzacji Lokalizacja
Z.11609112012-06-22BG
T.11972-22012-06-22T